Normal view
MARC view
- Taiba Zahid
Entry Personal Name
001 - CONTROL NUMBER
- control field: 72603
003 - CONTROL NUMBER IDENTIFIER
- control field: NUST
005 - DATE AND TIME OF LATEST TRANSACTION
- control field: 20210628204836.0
008 - FIXED-LENGTH DATA ELEMENTS
- fixed length control field: 210628|| aca||aabn | a|a d
040 ## - CATALOGING SOURCE
- Original cataloging agency: NUST
- Transcribing agency: NUST
100 ## - HEADING--PERSONAL NAME
- Personal name: Taiba Zahid
670 ## - SOURCE DATA FOUND
- Source citation: Work cat.: (NUST): Taiba Zahid, TH-SOF-0805-Multicriteria optimization of process plans for reconfigurable manufacturing systems An evolutionary approach, 2011
